| 000 | 01273cab a2200229 4500 | ||
|---|---|---|---|
| 001 | ##L133634 | ||
| 008 | 060525n2006 000 0 eng u | ||
| 035 | _a(Sirsi) u133634 | ||
| 041 | 0 | _aeng | |
| 100 | 1 | _aBingham, Tony | |
| 245 | 0 | 0 | _aStop right there |
| 260 | _c2006 | ||
| 490 | 0 |
_aBuilding _v271(8431) 19 May 2006, 64-65(2) |
|
| 520 | _aArgues that the scope and responsibilities of the dispute adjudication boards, established by the FIDIC conditions of contract to prevent problems escalating into disputes, are potentially extremely wide. Briefly examines a range of possible situations where the board could decide to intervene. | ||
| 590 | _aIKA060606 | ||
| 650 | 2 | 4 | _aFIDIC CONDITIONS OF CONTRACT FOR CONSTRUCTION FOR BUILDING AND ENGINEERING WORKS DESIGNED BY THE EMPLOYER (1999 EDITION) |
| 650 | 2 | 4 | _aFIDIC CONDITIONS OF CONTRACT FOR PLANT AND DESIGN-BUILD FOR ELECTRICAL AND MECHANICAL PLANT AND FOR BUILDING AND ENGINEERING WORKS DESIGNED BY THE CONTRACTOR 1999 EDITION |
| 650 | 2 | 4 | _aFIDIC CONDITIONS OF CONTRACT FOR EPC/TURNKEY PROJECTS 1999 EDITION |
| 651 | 4 |
_aUnited Kingdom _y |
|
| 690 | _aBUILT ENVIRONMENT-BUILDING CONTRACT FORMS-STANDARD FORMS OF BUILDING CONTRACT-INTERNATIONAL FEDERATION OF CONSULTING ENGINEERS CONTRACTS | ||
| 942 | _n0 | ||
| 999 |
_c77123 _d77123 |
||